000 00324nam a22001457a 4500
008 210507b ||||| |||| 00| 0 eng d
020 _a0138272530
041 _aeng
080 _a070
082 _a070
100 _a39
101 _aMED
245 _aSpeech Exploring Communication
_cJ. Regis O'Connor
942 _2udc
_cBK
999 _c57098
_d57098